| 000 | 00489nam a2200121Ia 4500 | ||
|---|---|---|---|
| 008 | 160712s9999 xx 000 0 und d | ||
| 100 | _aBarrameda, Teresita Villamor. | ||
| 245 |
_cTeresita V. Barrameda, _aRebuilding Communities and Lives: The Role of Damayan and Bayanihan in Disaster Resiliency |
||
| 260 |
_c2011 _bPhilippine Journal of Social Development |
||
| 300 | _avol. 3 | ||
| 650 | _xSOCIAL DEVELOPMENT | ||
| 856 | _uhttp://journals.upd.edu.ph/index.php/pjsd/issue/view/413/showToc | ||
| 999 |
_c297675 _d297675 |
||